000 00290nam a22001337a 4500
008 170613b xxu||||| |||| 00| 0 eng d
020 _a2900140442013
041 _aeng
080 _a32
100 _a19
101 _aSHP
245 _aTHE SOCIAL CONTRACT
_cROUSSEAU,J.J
942 _2udc
_cBK
999 _c17089
_d17089